000 004590000a22001810004500
999 _c47380
_d47380
001 122
003 CO-MdFUSB
005 20171120183439.0
008 170928b xxu||||| |||| 00| 0 eng d
020 _a0-854-1972-7
040 _cCO-MdBIC
082 0 4 _a868HC P83av
245 1 0 _aLa Aventura BĂ­blica , Dibujos y cubierta : Zondervan Publishing house
260 _aMichigan : Portavoz
300 _a258 P.
650 1 4 _aLiteratura Infantil
942 _cLGB